| 000 | 00404nam a2200157Ia 4500 | ||
|---|---|---|---|
| 008 | 221030s9999 xx 000 0 und d | ||
| 020 | _a8131765586 | ||
| 041 | _aEnglish | ||
| 100 | _aS. K. Singh | ||
| 245 | 0 |
_aDatabase Management System _cby S. K. Singh, T. Conolly |
|
| 260 |
_bPearson Edcuation _aNew Delhi _c2013 |
||
| 300 | _a8.40 | ||
| 650 | _aBE Computer | ||
| 700 | _aT. Conolly | ||
| 942 | _cBK | ||
| 999 |
_c15330 _d15330 |
||